LEADER 00851nam0-22002891i-450- 001 990001077950403321 010 $a0-7136-2228-8 035 $a000107795 035 $aFED01000107795 035 $a(Aleph)000107795FED01 035 $a000107795 100 $a--------d--------km-y0itay50------ba 101 0 $aeng 200 1 $a<>biographical dictionary of scientists$fEdited by Trevor I. Williams$gAssistant Editor Sonia Withers 205 $a. 3rd ed. - 210 $aLondon$cA. & C. Black$d1982 610 0 $aStoria della scienza 676 $a509 700 1$aWilliams,$bTrevor I.$f<1921- >$090774 702 1$aWithers,$bSonia 801 0$aIT$bUNINA$gRICA$2UNIMARC 901 $aBK 912 $a990001077950403321 952 $a6-166$b12576$fFI1 959 $aFI1 996 $aBiographical dictionary of scientists$9336529 997 $aUNINA